निवडक ना. सी. फडके (Record no. 369842)
[ view plain ]
| 000 -LEADER | |
|---|---|
| fixed length control field | 00445nam a22001697a 4500 |
| 005 - DATE AND TIME OF LATEST TRANSACTION | |
| control field | 20260109160304.0 |
| 008 - FIXED-LENGTH DATA ELEMENTS--GENERAL INFORMATION | |
| fixed length control field | 260109b |||||||| |||| 00| 0 eng d |
| 020 ## - INTERNATIONAL STANDARD BOOK NUMBER | |
| International Standard Book Number | 81-260-2573-5 |
| 041 ## - LANGUAGE CODE | |
| Language code of text/sound track or separate title | mar |
| 100 ## - MAIN ENTRY--PERSONAL NAME | |
| Author | इंदिरा संत |
| 245 ## - TITLE STATEMENT | |
| Title | निवडक ना. सी. फडके |
| 250 ## - EDITION STATEMENT | |
| Edition statement | 1 St Rep. |
| 260 ## - PUBLICATION, DISTRIBUTION, ETC. | |
| Place of publication, distribution, etc. | Mumbai |
| Name of publisher, distributor, etc. | Sahitya Acadami |
| Date of publication, distribution, etc. | 2014 |
| 300 ## - PHYSICAL DESCRIPTION | |
| Extent | 276 P |
| 500 ## - GENERAL NOTE | |
| Keywords | Marathi Book |
| 942 ## - ADDED ENTRY ELEMENTS (KOHA) | |
| Koha item type | Books |
| Withdrawn status | Lost status | Source of classification or shelving scheme | Damaged status | Not for loan | Collection code | Home library | Current library | Date acquired | Net Price | Bill number | Total Checkouts | Barcode | Date last seen | Discount | Bill Date | Koha item type | Original Barcode |
|---|---|---|---|---|---|---|---|---|---|---|---|---|---|---|---|---|---|
| Dewey Decimal Classification | BA | College Of Computer Application For Women , Satara | College Of Computer Application For Women , Satara | 03/01/2026 | 125.00 | 76215 | BCAS-B-1053 | 09/01/2026 | 25% | 03/01/2026 | Books | B01053 |